Normal view
MARC view
Entry Personal Name
001 - CONTROL NUMBER
- control field: 12949
003 - CONTROL NUMBER IDENTIFIER
- control field: ARRUPE
005 - DATE AND TIME OF LATEST TRANSACTION
- control field: 20141201151135.0
008 - FIXED-LENGTH DATA ELEMENTS
- fixed length control field: 141201|| aca||aabn | a|a d
040 ## - CATALOGING SOURCE
- Original cataloging agency: ARRUPE
- Transcribing agency: ARRUPE
100 ## - HEADING--PERSONAL NAME
- Personal name: Bell, David N.,
- Dates associated with a name: 1943-
670 ## - SOURCE DATA FOUND
- Source citation: Work cat.: (ARRUPE)0: Mẽna, of Nikiou. 12943, The life of Isaac of Alexandria ; & The martyrdom of Saint Macrobius /, 1988.